Povrchové úpravy na kovových materiáloch

Gespeichert in:
Bibliographische Detailangaben
1. Verfasser: Chovancová, Marta, 1946- (Verfasst von)
Format: Manuskript Buch
Sprache:Slowakisch
Veröffentlicht: Bratislava : STU v Bratislave ChtF, 1998
Ausgabe:Obháj.: 15.4.1999
Tags: Tag hinzufügen
Keine Tags, Fügen Sie das erste Tag hinzu!

MARC

LEADER 00000ntm a22000003a 4500
001 stu50698
005 20150617225709.0
008 991019s1998------------------------slo-d
040 |a STU  |b slo 
041 0 |a slo 
080 |a 621.357.74(043.5) 
100 1 |a Chovancová, Marta,  |d 1946-  |4 aut  |u C2120  |U FCHPT Ústav anorganickej chémie, technológie a materiálov  |T FCHPT Oddelenie anorganickej technológie  |X 3276  |U C2120  |Y 111  |7 A000003276 
245 1 |a Povrchové úpravy na kovových materiáloch 
250 |a Obháj.: 15.4.1999 
260 |a Bratislava :  |b STU v Bratislave ChtF,  |c 1998 
300 |a 29 s 
500 |a Tab.,grafy,lit. + prílohyKatedra anorganickej technológie 
996 |b 284C009639  |c C*H72  |l CCI  |s A  |a 24  |w stu50698_0001